| 000 | 01089nam a22002777a 4500 | ||
|---|---|---|---|
| 001 | 2798 | ||
| 003 | FISKH | ||
| 005 | 20260309135843.0 | ||
| 008 | 240115b cb ||||| |||| 00| 0 eng d | ||
| 020 | _a9781407164151 | ||
| 040 |
_aFISKH _beng _cFISKH _dFISKH |
||
| 050 | _aPZ7 | ||
| 082 | _a823.92 | ||
| 100 | _aStrathie, Chae | ||
| 245 |
_aMack and the missing cheese / _cChae Strathie ; Nikki, Dyson |
||
| 250 | _aFirst published in 2018 by Scholastic Children's book | ||
| 260 |
_aLondon : _bScholastic, _c2018 |
||
| 300 |
_a32 unnumbered pages : _bcolor illustrations ; _c28 cm |
||
| 505 | _aM | ||
| 520 | _aMack the cat is the best detective in town, or so he tells his assistant, Squeak. So when a lovely piece of cheese goes missing, he's the perfect cat for the job! But solving the cheesy crime is a lot harder than expected... will Mack and Squeak ever found out who ate the cheese? | ||
| 521 | 8 |
_a540
_bLexile AD |
|
| 521 | 8 |
_aM
_bRaz-Plus |
|
| 650 |
_aAnimals _vJuvenile literature _xFood |
||
| 700 |
_aDyson, Nikki _eillustrator |
||
| 942 |
_2ddc _cBK _n0 |
||
| 999 |
_c2798 _d2798 |
||